000 00485ntaaa2200193 4500
003 01
005 20251027202926.0
008 0714s1973 ag 01
040 _aAR-BaBN
_bspa
_cAR-BaBN
_eaacr
_dRIC
082 _a922.2430 K41p
100 _aUriburu, Esteban J
_929780
245 _aUn profeta de María
250 _a1 ed.
260 _aBuenos Aires :
_bClaretiana,
_c1981
300 _a207 p ;
_c18 cm
500 _aContiene cronologia
650 _abiografía
_91311
942 _cBK
999 _c24485
_d24485